| 000 | 01795nam0a2200349 4500 | ||
|---|---|---|---|
| 001 | RU\NLR\bibl\12229 | ||
| 005 | 20260406185921.0 | ||
| 010 |
_a5-7452-0018-9 _93000 |
||
| 035 | _a(NLR Aleph) 000011920 | ||
| 090 |
_a43410 _c43410 |
||
| 100 | _a19990125d1998 |||y0rusy50 ca | ||
| 101 | 0 |
_arus _deng _erus _eeng |
|
| 102 | _aRU | ||
| 105 | _a||||||||||||| | ||
| 200 | 1 |
_aТелемедицина _dTelemedicine _eНовые информ. технологии на пороге ХХI в. _f[Д.т.н., проф. Р.М. Юсупов, д.т.н., проф. Р.И. Полонников, д.м.н., проф. В.И. Кувакин и др.] _gПод ред. проф. Р.М. Юсупова и проф. Р.И. Полонникова _gРос. акад. наук, С.-Петерб. ин-т информатики и автоматизации _zeng |
|
| 210 |
_aСПб. _cИзд-во ТОО "Анатолия" _d1998 |
||
| 215 |
_a489 с. _cил., портр. _d29 |
||
| 300 | _aНа авантит.: Посвящается 20-летию С.-Петерб. ин-та информатики и автоатизации Рос. акад. наук | ||
| 300 | _aРез. на англ. яз. | ||
| 320 | _aБиблиогр. в конце гл. | ||
| 510 | 0 |
_aTelemedicine _zeng |
|
| 606 | 0 |
_aТелевидение _xПрименение в медицине _91378978 _3RU\NLR\auth\66264845 |
|
| 686 | _aР.с5 | ||
| 701 | 1 |
_aЮсупов _bР. М. _4070 |
|
| 712 | 0 | 2 |
_4570 _aСанкт-Петербургский институт информатики и автоматизации _3RU\NLR\AUTH\889951666 _9399302 |
| 801 | 0 |
_aRU _bNLR _c19990125 _gPSBO |
|
| 801 | 1 |
_aRU _bNLR _c19990125 |
|
| 852 |
_aNLR _j98-8/1046 |
||
| 942 | _cBOOK | ||
| 980 | _aNB | ||